| 000 | 00853 a2200253 4500 | ||
|---|---|---|---|
| 003 | OSt | ||
| 005 | 20180116192343.0 | ||
| 008 | 120529t xxu||||| |||| 00| 0 eng d | ||
| 010 | _a 2002002330 | ||
| 020 | _a081663436X (alk. paper) | ||
| 020 | _a0816634378 (pbk. : alk. paper) | ||
| 020 | _a9780816634378 | ||
| 040 | _c0 | ||
| 082 | _a307.76 | ||
| 100 | 1 |
_aAugeÌ, Marc. _92484 |
|
| 245 | 1 | 0 |
_aIn the metro / _cMarc AugeÌ ; translated and with an introduction and afterword by Tom Conley. |
| 260 |
_aMinneapolis : _bUniversity of Minnesota Press, _cc2002. |
||
| 300 |
_axxii, 125 p. : _bill. ; _c21 cm. |
||
| 650 | 0 |
_aEthnology _xPhilosophy. _92485 |
|
| 650 | 0 |
_aAnthropology _xResearch _92486 |
|
| 700 | 1 |
_aConley, Tom. _92487 |
|
| 942 |
_aSADA _cBK _k307.760 AUG 2002 _2ddc |
||
| 999 |
_c352735 _d352735 |
||